[Event "FTX Road to Miami Prelim"]
[Site "chess24.com INT"]
[Date "2022.07.10"]
[Round "4.1"]
[White "Niemann, Hans Moke"]
[Black "Tari, Aryan"]
[Result "1-0"]
[WhiteTitle "GM"]
[BlackTitle "GM"]
[WhiteElo "2688"]
[BlackElo "2672"]
[WhiteFideId "2093596"]
[BlackFideId "1510045"]
[EventDate "2022.07.10"]

1. Nf3 d5 2. d4 Nf6 3. c4 e6 4. Nc3 c5 5. e3 Nc6 6. cxd5 exd5 7. Bb5 cxd4 8.
Nxd4 Bd7 9. O-O Bd6 10. Nf3 Be6 11. b3 a6 12. Bd3 Ne5 13. Nxe5 Bxe5 14. Bb2 O-O
15. h3 Rc8 16. Rc1 Qa5 17. Qe1 Rfd8 18. f4 Bd6 19. Ne4 Qxe1 20. Nxf6+ gxf6 21.
Rfxe1 Bb4 22. Red1 Rxc1 23. Bxc1 Bc3 24. g4 b5 25. Kf2 b4 26. Be4 Rd7 27. Bf3 f5
28. Ke2 Kf8 29. gxf5 Bxf5 30. Bg4 Bxg4+ 31. hxg4 f6 32. e4 Re7 33. Rxd5 Rxe4+
34. Be3 Re6 35. Kd3 Ke8 36. Rh5 Rd6+ 37. Ke4 Re6+ 38. Kf3 Re7 39. Rd5 Re6 40.
Bc5 Re1 41. Rd6 a5 42. Ra6 f5 43. gxf5 h5 44. Rxa5 Rf1+ 45. Ke4 h4 46. Ra7 h3
47. Re7+ Kd8 48. Rh7 Rh1 49. Kd5 h2 50. Kc6 Bd4 51. Bxd4 Rc1+ 52. Kb5 h1=Q 53.
Rxh1 Rxh1 54. Kxb4 Kd7 55. a4 Kc6 56. f6 Rh8 57. Kc4 Rc8 58. Bc5 Rc7 59. b4 Rh7
60. b5+ Kd7 61. Bd4 Rh4 62. Be5 Rh1 63. a5 Rc1+ 64. Bc3 Rf1 65. Be5 Rc1+ 66. Kd5
Kc8 67. f7 1-0

[Event "FTX Road to Miami Prelim"]
[Site "chess24.com INT"]
[Date "2022.07.10"]
[Round "4.2"]
[White "Sevian, Samuel"]
[Black "Xiong, Jeffery"]
[Result "1-0"]
[WhiteTitle "GM"]
[BlackTitle "GM"]
[WhiteElo "2684"]
[BlackElo "2691"]
[WhiteFideId "2040506"]
[BlackFideId "2047640"]
[EventDate "2022.07.10"]

1. e4 e5 2. Nf3 Nf6 3. d4 exd4 4. e5 Ne4 5. Qxd4 d5 6. exd6 Nxd6 7. Nc3 Nc6 8.
Qf4 g6 9. Bb5 Bg7 10. Bxc6+ bxc6 11. Be3 O-O 12. O-O-O Qd7 13. Bd4 Qg4 14. Qxg4
Bxg4 15. Bxg7 Kxg7 16. Rd3 Bxf3 17. Rxf3 Rfe8 18. Rd1 Re5 19. b3 Rae8 20. Na4
Re2 21. Nc3 R2e5 22. h4 h5 23. g3 R8e6 24. Na4 Rf6 25. Rxf6 Kxf6 26. Nc3 Rf5 27.
f4 Ke7 28. Re1+ Kd7 29. Ne4 f6 30. c4 Nxe4 31. Rxe4 Ra5 32. Re2 c5 33. g4 Ra6
34. f5 gxf5 35. gxh5 f4 36. Kd1 f3 37. Rd2+ Ke6 38. Ke1 Kf5 39. h6 Kg6 40. Kf2
Ra3 41. Kxf3 a5 42. Ke4 a4 43. bxa4 c6 44. h5+ Kxh6 45. Kf5 Rxa4 46. Rc2 Kg7 47.
h6+ Kxh6 48. Kxf6 Kh5 49. Ke5 Kg4 50. Kd6 Kf4 51. Kxc6 Ke4 52. Kb5 Ra8 53. Rd2
Rb8+ 54. Kxc5 Rc8+ 55. Kb4 Rb8+ 56. Kc3 Ra8 57. c5 Ke5 58. Kc4 1-0

[Event "FTX Road to Miami Prelim"]
[Site "chess24.com INT"]
[Date "2022.07.10"]
[Round "4.3"]
[White "Aronian, Levon"]
[Black "Giri, Anish"]
[Result "1/2-1/2"]
[WhiteTitle "GM"]
[BlackTitle "GM"]
[WhiteElo "2775"]
[BlackElo "2760"]
[WhiteFideId "13300474"]
[BlackFideId "24116068"]
[EventDate "2022.07.10"]

1. e4 c5 2. Nf3 d6 3. Bc4 Nf6 4. d3 Nc6 5. O-O g6 6. h3 Bg7 7. Nc3 O-O 8. Bf4 h6
9. Re1 e5 10. Bd2 Kh7 11. a3 a6 12. Nd5 Nxd5 13. Bxd5 Ne7 14. Ba2 f5 15. b4 f4
16. bxc5 dxc5 17. a4 b6 18. Rb1 Qd6 19. c3 b5 20. Bc1 Rb8 21. d4 cxd4 22. cxd4
exd4 23. e5 Qc5 24. axb5 axb5 25. Qxd4 Qc2 26. Ba3 b4 27. Bb3 Qf5 28. Bxb4 Nc6
29. Qd6 Rxb4 30. Qxc6 Bb7 31. Qc3 Bxf3 32. Qxf3 Rd4 33. e6 Re8 34. Rbd1 Qa5 35.
Re4 Rxd1+ 36. Qxd1 Qf5 37. Qf3 Re7 38. Qxf4 Qxf4 39. Rxf4 Be5 40. Rf3 Kg7 41. h4
h5 42. g3 Rc7 43. Kf1 Bf6 44. Ke2 Rc5 45. Rd3 Be7 46. f4 Kf6 47. Kd2 Rc8 48. Rd7
Bb4+ 49. Ke2 Be7 50. Rb7 Rc3 51. Kf2 Bc5+ 52. Kg2 Be7 53. Bd5 Rc2+ 54. Kh3 Re2
55. Rb8 Rd2 56. Rb5 Re2 57. Bc4 Re4 58. Bd3 Re3 59. Bb1 Kg7 60. Rb6 Kf6 61. Rc6
Re2 62. Bc2 Re3 63. Kg2 Ra3 64. Be4 Re3 65. Rc4 Re2+ 66. Kf3 Ra2 67. Rc6 Ra3+
68. Kg2 Ra2+ 69. Bc2 Ra5 70. Bb3 Rb5 71. Rc3 Rc5 72. Rd3 Ra5 73. Rd7 Rb5 74. Bd5
Rb6 75. Kf3 Ra6 76. Rb7 Ra3+ 77. Bb3 Ra6 78. Rb5 Rc6 79. Rb8 Rc3+ 80. Kg2 Bd6
81. Rb7 Be7 82. Bd5 Rc2+ 83. Kh3 Re2 84. Rb5 Re3 85. Ba2 Re4 86. Rg5 Re1 87. Bc4
Kg7 88. Rb5 Kf6 89. Rb8 Re4 90. Rc8 Re3 91. Rg8 Rc3 92. Bd5 Re3 93. Bc6 Bd6 94.
Be8 Bxf4 95. Rxg6+ Ke7 96. Bf7 Bd6 97. Kg2 Rc3 98. Rg5 Kf6 99. Kf2 Ra3 100. Rg6+
Ke7 101. Bg8 Ra2+ 102. Kf3 Ra3+ 103. Kg2 Ra2+ 104. Kh3 Ra3 105. Rg7+ Kf6 106.
Rg5 Bf4 107. Bf7 Bxg5 108. hxg5+ Kg7 109. Bxh5 Re3 110. Bf7 Re4 111. g4 Re5 112.
Kh4 Re3 113. g6 Kf6 114. g5+ Kg7 115. Kg4 Kf8 116. Kf5 Re1 117. g7+ Kxg7 118.
Bh5 Kf8 119. Kf6 Rf1+ 120. Kg6 Ke7 121. Bg4 Rg1 122. Bf5 Rf1 123. Bd3 Rc1 124.
Bf5 Rf1 125. Bh3 Rh1 126. Bg4 Rg1 127. Kf5 Rf1+ 128. Ke5 Re1+ 129. Kf4 Rxe6 130.
Bxe6 Kxe6 131. Ke4 Kf7 132. Kf5 Kg7 133. g6 Kg8 134. Kf6 Kf8 135. g7+ Kg8 136.
Kg6 1/2-1/2

[Event "FTX Road to Miami Prelim"]
[Site "chess24.com INT"]
[Date "2022.07.10"]
[Round "4.4"]
[White "Radjabov, Teimour"]
[Black "Ju, Wenjun"]
[Result "0-1"]
[WhiteTitle "GM"]
[BlackTitle "GM"]
[WhiteElo "2738"]
[BlackElo "2560"]
[WhiteFideId "13400924"]
[BlackFideId "8603006"]
[EventDate "2022.07.10"]

1. d4 Nf6 2. c4 e6 3. Nf3 d5 4. Nc3 Bb4 5. Bg5 h6 6. Bxf6 Qxf6 7. Qa4+ Nc6 8. e3
O-O 9. cxd5 exd5 10. Rc1 Qg6 11. Qb3 Rd8 12. a3 Ba5 13. h4 Ne7 14. h5 Qf6 15.
Qa4 Bb6 16. Bd3 c6 17. b4 Bf5 18. Qc2 Bxd3 19. Qxd3 Nf5 20. b5 Re8 21. bxc6 bxc6
22. Kf1 Re6 23. Rh3 Rae8 24. Ne5 Rxe5 25. dxe5 Rxe5 26. Kg1 Qg5 27. Nd1 Re6 28.
Rb1 Nh4 29. Rg3 Qxh5 30. Rb4 Nf5 31. Rf3 Ne7 32. Rh3 Qe5 33. Rb1 Ng6 34. Nb2 c5
35. Na4 c4 36. Qd1 Bc7 37. Rc1 Ne7 38. Nc3 Rg6 39. Rh5 Rg5 40. Rxg5 Qh2+ 41. Kf1
hxg5 42. Ne2 Qh1+ 43. Ng1 Bh2 44. Ke2 Qxg2 45. Nf3 g4 46. Nxh2 Qxh2 47. Qg1 Qh5
48. Qh1 Qf5 49. Rd1 g6 50. Rd4 Kg7 51. Qg2 c3 52. Rd1 Qc2+ 53. Ke1 Qb2 0-1

[Event "FTX Road to Miami Prelim"]
[Site "chess24.com INT"]
[Date "2022.07.10"]
[Round "4.5"]
[White "Rapport, Richard"]
[Black "Erigaisi, Arjun"]
[Result "1-0"]
[WhiteTitle "GM"]
[BlackTitle "GM"]
[WhiteElo "2764"]
[BlackElo "2689"]
[WhiteFideId "738590"]
[BlackFideId "35009192"]
[EventDate "2022.07.10"]

1. e4 e5 2. Nf3 Nc6 3. Bc4 Nf6 4. d3 Bc5 5. c3 d6 6. Bb3 h6 7. h3 a6 8. Nbd2 Be6
9. Bc2 d5 10. Qe2 Qe7 11. Nf1 Rd8 12. Ng3 O-O 13. O-O b5 14. d4 exd4 15. e5 Ne4
16. Nxe4 dxe4 17. Qxe4 d3 18. Bxd3 Rxd3 19. Qxd3 Bc4 20. Qe4 Bxf1 21. Kxf1 Qe6
22. Qg4 g5 23. Qxe6 fxe6 24. Ke2 Rd8 25. Be3 Rd5 26. Rd1 Rxd1 27. Kxd1 Bxe3 28.
fxe3 Kf7 29. Kc2 Ne7 30. Kd3 c5 31. b4 cxb4 32. cxb4 Ke8 33. Nd4 Kd7 34. Nb3 Kc6
35. Nc5 Nd5 36. a3 a5 37. Nxe6 axb4 38. e4 bxa3 39. Nd4+ Kc5 40. exd5 a2 41. d6 1-0

[Event "FTX Road to Miami Prelim"]
[Site "chess24.com INT"]
[Date "2022.07.10"]
[Round "4.6"]
[White "Wojtaszek, Radoslaw"]
[Black "Mamedyarov, Shakhriyar"]
[Result "1/2-1/2"]
[WhiteTitle "GM"]
[BlackTitle "GM"]
[WhiteElo "2708"]
[BlackElo "2759"]
[WhiteFideId "1118358"]
[BlackFideId "13401319"]
[EventDate "2022.07.10"]

1. d4 d5 2. c4 c6 3. Nf3 Nf6 4. Nc3 e6 5. e3 Nbd7 6. Qc2 Bd6 7. Bd3 O-O 8. O-O
dxc4 9. Bxc4 c5 10. dxc5 Bxc5 11. e4 Qc7 12. Qe2 Ne5 13. Bf4 Nxf3+ 14. Qxf3 e5
15. Bg5 Be7 16. Bb3 Be6 17. Rac1 Qb6 18. Bxf6 Bxf6 19. Nd5 Bxd5 20. Bxd5 Rac8
21. b3 Rc7 22. g3 Rfc8 23. Rxc7 Rxc7 24. Bc4 g6 25. Rd1 Kg7 26. Rd5 a6 27. a4
Qb4 28. Kg2 Qe7 29. Qd3 Qe8 30. h4 h5 31. Qe3 Qc8 32. Qd3 Qe8 33. Qf3 Rd7 34.
Rxd7 Qxd7 35. Bd5 Qc7 36. Bc4 a5 37. Bd5 b6 38. Bc4 Bd8 39. Qd3 Be7 40. Qd5 Bc5
41. Kf3 Qe7 42. Kg2 Qf6 43. f3 Qe7 44. Kf1 Be3 45. Kg2 g5 46. hxg5 Bxg5 47. Kf1
h4 48. gxh4 Bxh4 49. Ke2 Bg5 50. Kd3 Qd8 51. Qxd8 Bxd8 52. Bd5 1/2-1/2

[Event "FTX Road to Miami Prelim"]
[Site "chess24.com INT"]
[Date "2022.07.10"]
[Round "4.7"]
[White "Shankland, Sam"]
[Black "Duda, Jan-Krzysztof"]
[Result "0-1"]
[WhiteTitle "GM"]
[BlackTitle "GM"]
[WhiteElo "2720"]
[BlackElo "2750"]
[WhiteFideId "2004887"]
[BlackFideId "1170546"]
[EventDate "2022.07.10"]

1. e4 e5 2. Nf3 Nf6 3. d4 Nxe4 4. Bd3 d5 5. Nxe5 Nd7 6. Nc3 Nxc3 7. bxc3 Bd6 8.
O-O O-O 9. Re1 c5 10. Qf3 c4 11. Bf5 Nb6 12. Bxc8 Qxc8 13. h4 f6 14. Ng4 Re8 15.
Bd2 Re4 16. Ne3 Rf4 17. Qh5 g6 18. Qe2 Rxh4 19. g3 Qh3 20. Qf3 Bf4 21. a4 Bxe3
22. Rxe3 Qh2+ 23. Kf1 Rh5 24. g4 Qh1+ 25. Ke2 Qxf3+ 26. Rxf3 Re8+ 27. Be3 Rh4
28. Rxf6 Rxg4 29. a5 Nc8 30. a6 bxa6 31. Raxa6 Rge4 32. Ra5 Ne7 33. Rxa7 Nf5 34.
Kd2 Nxe3 35. fxe3 Rxe3 36. Rff7 Rh3 37. Rfd7 Rh1 38. Rxd5 Rhe1 39. Rd8 h5 40.
Rxe8+ Rxe8 41. Rc7 h4 42. Rxc4 Kg7 43. d5 g5 44. Rg4 Kg6 45. d6 Kh5 46. Rd4 h3
47. d7 Rd8 48. Ke3 h2 49. Rd1 Kg4 50. Kf2 Rxd7 51. Re1 Rd2+ 0-1

[Event "FTX Road to Miami Prelim"]
[Site "chess24.com INT"]
[Date "2022.07.11"]
[Round "7.6"]
[White "Xiong, Jeffery"]
[Black "Rapport, Richard"]
[Result "0-1"]
[WhiteTitle "GM"]
[BlackTitle "GM"]
[WhiteElo "2691"]
[BlackElo "2764"]
[WhiteFideId "2047640"]
[BlackFideId "738590"]
[EventDate "2022.07.10"]

1. e4 c5 2. Nf3 d6 3. Bb5+ Nd7 4. d4 cxd4 5. Nxd4 g6 6. O-O Bg7 7. Re1 Nf6 8.
Bf1 Nc5 9. f3 Qb6 10. c3 O-O 11. Na3 a6 12. Nc4 Qc7 13. Ne3 b5 14. b3 Bb7 15.
Ba3 Rac8 16. Rc1 Rfd8 17. Kh1 e5 18. Nd5 Bxd5 19. exd5 exd4 20. cxd4 Qa5 21.
dxc5 Qxa3 22. c6 Qa5 23. g3 Bh6 24. f4 Re8 25. Rxe8+ Rxe8 26. Bh3 Re7 27. b4 Qb6
28. Bg2 Bg7 29. Bf3 h5 30. Kg2 Ne8 31. f5 Qd4 32. fxg6 fxg6 33. Qf1 Qb2+ 34. Kh3
Rf7 35. Qe1 Nc7 36. Be4 Rf2 0-1

[Event "FTX Road to Miami Prelim"]
[Site "chess24.com INT"]
[Date "2022.07.11"]
[Round "8.1"]
[White "Niemann, Hans Moke"]
[Black "Aronian, Levon"]
[Result "0-1"]
[WhiteTitle "GM"]
[BlackTitle "GM"]
[WhiteElo "2688"]
[BlackElo "2775"]
[WhiteFideId "2093596"]
[BlackFideId "13300474"]
[EventDate "2022.07.10"]

1. d4 d5 2. Nc3 Bf5 3. Bf4 e6 4. e3 Bb4 5. Bd3 Ne7 6. Ne2 O-O 7. a3 Ba5 8. O-O
c6 9. e4 Bg6 10. Bg3 Nd7 11. Nf4 Bxc3 12. Nxg6 Nxg6 13. bxc3 dxe4 14. Bc4 Nb6
15. Bb3 Nd5 16. Qe1 f5 17. f3 f4 18. fxe4 fxg3 19. Rxf8+ Qxf8 20. exd5 gxh2+ 21.
Kxh2 exd5 22. c4 Re8 23. Qg3 Qf5 24. cxd5 cxd5 25. Qf3 Qxf3 26. gxf3 Nf4 27. Kg3
g5 28. Kg4 h6 29. c4 Kg7 30. cxd5 Kf6 31. Bc4 Rc8 32. Bf1 h5+ 33. Kg3 h4+ 34.
Kg4 Nxd5 35. Bd3 Ne3+ 36. Kh3 Rc3 37. Be4 b5 38. Rb1 Nc4 39. Bd5 a6 40. a4 Nb6
41. Bb7 Nxa4 42. Kg4 Rc4 43. Bxa6 Rxd4+ 44. Kh5 h3 45. f4 Rxf4 0-1